00687nam a2200217 a 4500001000400000003001000004005001700014008004100031020001800072040002500090080001700115100003700132245008800169260003900257300002000296504002500316650002700341650003500368650002100403650004500424404BR-CuiBMT20231123211538.0231101s2008 mgb 001 0 por d a9788577001194 aBR-CuiBMTcBR-CuiBMT a35.077220071 aCosta, José Armando da,d1940-0 aDireito disciplinar :btemas substantivos e processuais /cJosé Armando da Costa. aBelo Horizonte : bFórum,c2008. a640 p. :c24 cm aInclui bibliografia. aDireito administrativo aDireito disciplinarxProcessos aPena disciplinar aAdministração públicaxPrincipios